HTML for Beginners / (Record no. 1081)

MARC details
000 -LEADER
Fixed length control field 00455nam a2200169 4500
003 - CONTROL NUMBER IDENTIFIER
Control field SEACOMMC
005 - DATE AND TIME OF LATEST TRANSACTION
Control field 20250502134750.0
008 - FIXED-LENGTH DATA ELEMENTS--GENERAL INFORMATION
Fixed length control field 250213b |||||||| |||| 00| 0 eng d
020 ## - INTERNATIONAL STANDARD BOOK NUMBER / ISBN
International Standard Book Number 978-81-8404-878-0
Price Rs.275.00
040 ## - CATALOGING SOURCE
Original cataloging agency SEACOMMC
100 ## - MAIN ENTRY--PERSONAL NAME
Personal name Aibara, Firuza
245 1# - TITLE STATEMENT
Title HTML for Beginners /
Statement of responsibility Firuza Aibara
250 ## - EDITION STATEMENT
Edition statement 2nd ed.
260 ## - IMPRINT
Place of publication Mumbai
Name of publisher Shroff Publishers
Date of publication 2008
650 ## - SUBJECT ADDED ENTRY--TOPICAL TERM
Topical term HTML (Document Makeup Language)
942 ## - ADDED ENTRY ELEMENTS (KOHA)
Koha item type Books
Holdings
Withdrawn status Lost status Source of classification Damaged status Not for loan Home library Current library Shelving location Date acquired Total Checkouts Accession number Date last seen Price effective from Koha item type Copy number
    Dewey Decimal Classification     SEACOM MANAGEMENT COLLEGE SEACOM MANAGEMENT COLLEGE Reference 23/07/2008   M-2062 13/02/2025 13/02/2025 Reference Books  
    Dewey Decimal Classification     SEACOM MANAGEMENT COLLEGE SEACOM MANAGEMENT COLLEGE   23/07/2008   M-2063 13/02/2025 13/02/2025 Books 1
    Dewey Decimal Classification     SEACOM MANAGEMENT COLLEGE SEACOM MANAGEMENT COLLEGE   23/07/2008   M-2064 13/02/2025 13/02/2025 Books 2
    Dewey Decimal Classification     SEACOM MANAGEMENT COLLEGE SEACOM MANAGEMENT COLLEGE   23/07/2008   M-2065 13/02/2025 13/02/2025 Books 3
    Dewey Decimal Classification     SEACOM MANAGEMENT COLLEGE SEACOM MANAGEMENT COLLEGE   23/07/2008   M-2066 13/02/2025 13/02/2025 Books 4
    Dewey Decimal Classification     SEACOM MANAGEMENT COLLEGE SEACOM MANAGEMENT COLLEGE   23/07/2008   M-2067 13/02/2025 13/02/2025 Books 5
    Dewey Decimal Classification     SEACOM MANAGEMENT COLLEGE SEACOM MANAGEMENT COLLEGE   23/07/2008   M-2068 13/02/2025 13/02/2025 Books 6
    Dewey Decimal Classification     SEACOM MANAGEMENT COLLEGE SEACOM MANAGEMENT COLLEGE   23/07/2008   M-2069 13/02/2025 13/02/2025 Books 7
    Dewey Decimal Classification     SEACOM MANAGEMENT COLLEGE SEACOM MANAGEMENT COLLEGE   23/07/2008   M-2070 13/02/2025 13/02/2025 Books 8
    Dewey Decimal Classification     SEACOM MANAGEMENT COLLEGE SEACOM MANAGEMENT COLLEGE   23/07/2008   M-2071 13/02/2025 13/02/2025 Books 9
© Seacom Engineering College, All rights reserved.    Powered by Koha